000 00477nam a22001937a 4500
003 CEME
005 20210628205228.0
008 210216b xxu||||| |||| 00| 0 eng d
020 _a0-13-399890-8
040 _c.
082 _a620.106 ESP'F
100 _aEsposito, A
_974488
245 _aFluid power with application
250 _a4TH
260 _aNEWJERSCY
_bPRENTICE HALL
_c1997
300 _aXVII,652P
650 _aFLUID POWER TECHNOLOGY
_955879
942 _cBK
_2ddc
999 _c580012
_d580012